Game of Thrones Cast Quiz Stats

 Plays Quiz Updated May 21, 2019

Score 0/49 Timer 08:00
0 Plays Today
Actor/Actress Character % Correct
Peter DinklageTyrion Lannister
98.5%
Lena HeadeyCersei Lannister
97.1%
Maisie WilliamsArya Stark
96.6%
Kit HaringtonJon Snow
94.7%
Sophie TurnerSansa Stark
94.1%
Emilia ClarkeDaenerys Targaryen
89.5%
Nikolaj Coster-WaldauJaime Lannister
89.1%
Gwendoline ChristieBrienne of Tarth
88.7%
Alfie AllenTheon Greyjoy
87.7%
Michelle FairleyCatelyn Stark
84.6%
Jack GleesonJoffrey Baratheon
84.2%
Natalie DormerMargaery Tyrell
83.9%
Liam CunninghamDavos Seaworth
81%
Richard MaddenRobb Stark
79.5%
Iwan RheonRamsay Bolton
79.2%
Isaac Hempstead-WrightBran Stark
78.6%
Stephen DillaneStannis Baratheon
78.2%
Carice van HoutenMelisandre
78.1%
Dean-Charles ChapmanTommen Baratheon
77.6%
Charles DanceTywin Lannister
77.2%
Iain GlenSer Jorah Mormont
75.4%
Nathalie EmmanuelMissandei
74.6%
Jacob AndersonGrey Worm
74.4%
Aidan GillenPetyr Baelish ('Littlefinger')
74.3%
Rose LeslieYgritte
71.3%
Actor/Actress Character % Correct
Diana RiggOlenna Tyrell
70.2%
Hafþór Júlíus BjörnssonGregor ‘The Mountain’ Clegane
68.2%
Rory McCannSandor 'The Hound' Clegane
68.1%
Finn JonesLoras Tyrell
68%
Conleth HillVarys
62.6%
Jerome FlynnBronn
62.4%
Hannah MurrayGilly
60.6%
Michael McElhattonRoose Bolton
58.6%
Daniel PortmanPodrick Payne
57%
John BradleySamwell Tarly
51.3%
Sibel KekilliShae
47%
Kristian NairnHodor
46.7%
Ben CromptonEddison Tollett
46.2%
Joe DempsieGendry
46%
Kristofer HivjuTormund Giantsbane
40.2%
Ian McElhinneyBarristan Selmy
40.2%
Julian GloverGrand Maester Pycelle
34.6%
Tom WlaschihaJaqen H'ghar
33.6%
Owen TealeAlliser Thorne
32.6%
Anton LesserMaester Qyburn
25.1%
Michiel HuismanDaario Naharis
21.5%
Ian BeattieMeryn Trant
21.2%
Brenock O'ConnorOlly
18.6%
Mark StanleyGrenn
17%

You're not logged in!

Compare scores with friends on all Sporcle quizzes.
OR
Log In

Sporcle TV

Today on Sporcle TV


Watch our educational content, quiz creation guides, and fun videos on Sporcle TV.

Show Comments

Extras

Top Quizzes Today


Score Distribution

Your Account Isn't Verified!

In order to create a playlist on Sporcle, you need to verify the email address you used during registration. Go to your Sporcle Settings to finish the process.

Report this User

Report this user for behavior that violates our Community Guidelines.

Details: